000 00649nam a2200229Ia 4500
003 OSt
005 20221007072543.0
006 a|||||r|||| 00| 0
007 ta
008 221006b |||||||| |||| 00| 0 eng d
024 _a26,940
037 _cReports / Technical Reports
040 _aFLL
_cFLL
_beng
041 _2eng
_aeng
082 _aW:5y7, K8;1
100 _aFranck Thomas M.
245 0 _aComparative constitutional process
260 _aLondon
_bSweet & Maxwell London
_c1968
300 _axliii,1-595p
_ccm.
942 _hW:5y7, K8;1
_cREP
_2CC
999 _c1146405
_d1146405